000 003370000a22001210004500
090 _aAS
_bSeriadas
245 1 0 _aList of neotropical ants (Hymenoptera: Formicidae)
041 0 _aInglés
700 1 _aSendoya, Sebastián
_999921
100 1 _aFernández, Fernando
_91456
942 _cARTICULO
773 1 _tBiota Colombiana
_h1
_q3-93
_d2004
_g5
999 _c15672
_d15672